[Event "Yuzhny FO-ch op"]
[Site "Armavir"]
[Date "2011.03.20"]
[Round "9"]
[White "Danielyan, Levon"]
[Black "Kudelya, Igor"]
[Result "0-1"]
[WhiteElo "2051"]
[BlackElo "1976"]
[PlyCount "83"]
[EventDate "2011.03.12"]
[EventType "swiss"]
[EventRounds "9"]
[EventCountry "RUS"]
[SourceTitle "CBM 141 Extra"]
[Source "ChessBase"]
[SourceDate "2011.05.03"]
[SourceVersion "1"]
[SourceVersionDate "2011.05.03"]
[SourceQuality "1"]

1. e4 c5 2. Ne2 Nc6 3. d4 cxd4 4. Nxd4 Qc7 5. Nc3 e6 6. g3 a6 7. Bg2 Nf6 8. 0-0 Nxd4 9. Qxd4 Bc5 10. Qd3 d6 11. Be3 Bxe3 12. Qxe3 0-0 13. h3 e5 14. Rfd1 b5 15. Qd3 Rd8 16. g4 h6 17. Nd5 Nxd5 18. exd5 b4 19. a3 Rb8 20. a4 a5 21. Be4 Qe7 22. Qg3 Qg5 23. Kh2 Bd7 24. Rd3 Rbc8 25. Rf3 Rc4 26. Bd3 Rd4 27. c3 bxc3 28. bxc3 Rxa4 29. Rxa4 Bxa4 30. Rf5 Qe7 31. g5 hxg5 32. Rxg5 Qf6 33. Rf5 Qh6 34. Qf3 Be8 35. c4 Rc8 36. Be2 a4 37. Qc3 Bd7 38. Rf3 Bg4 39. Qb4 Bxf3 40. Bxf3 Qf4+ 41. Kg2 e4 42. Be2 0-1

[Event "Yuzhny FO-ch op"]
[Site "Armavir"]
[Date "2011.03.16"]
[Round "5"]
[White "Danielyan, Levon"]
[Black "Gubernatorov, Sergey"]
[Result "0-1"]
[WhiteElo "2051"]
[BlackElo "2287"]
[PlyCount "108"]
[EventDate "2011.03.12"]
[EventType "swiss"]
[EventRounds "9"]
[EventCountry "RUS"]
[SourceTitle "CBM 141 Extra"]
[Source "ChessBase"]
[SourceDate "2011.05.03"]
[SourceVersion "1"]
[SourceVersionDate "2011.05.03"]
[SourceQuality "1"]

1. e4 c5 2. Nf3 g6 3. d4 cxd4 4. Nxd4 Bg7 5. Nc3 Nc6 6. Be3 Nf6 7. f3 0-0 8. Nxc6 bxc6 9. Bc4 d6 10. 0-0 Qc7 11. Qe2 Nd7 12. Qf2 Ne5 13. Bb3 e6 14. Qh4 Ba6 15. Rf2 Nc4 16. Bxc4 Bxc4 17. e5 d5 18. Bc5 Qxe5 19. Bxf8 Bxf8 20. f4 Qb8 21. b3 Bc5 22. Na4 Bxf2+ 23. Qxf2 Bb5 24. Nc5 a5 25. Kh1 a4 26. Qd4 Qc7 27. bxa4 Bc4 28. Rb1 Rb8 29. Rxb8+ Qxb8 30. h3 Qb1+ 31. Kh2 Qxc2 32. Nd7 Bf1 33. Nf6+ Kf8 34. Nxh7+ Ke7 35. Qg1 Bd3 36. Qa7+ Kd6 37. Nf6 e5 38. Qb8+ Kc5 39. a3 Qd2 40. Nd7+ Kd4 41. Qxe5+ Kc4 42. Qd6 Bf1 43. Ne5+ Kb3 44. Qb4+ Qxb4 45. axb4 d4 46. Nf3 Kc3 47. Kg1 Be2 48. Ne1 Kxb4 49. Kf2 Ba6 50. Nf3 c5 51. g4 d3 52. h4 Bb7 53. h5 gxh5 54. gxh5 Bxf3 0-1

[Event "Arkhipo Osipovka Rating"]
[Site "Arkhipo Osipovka"]
[Date "2009.09.05"]
[Round "11"]
[White "Danielyan, Levon"]
[Black "Mavlyaveev, Vladimir"]
[Result "1-0"]
[WhiteElo "1979"]
[BlackElo "1819"]
[PlyCount "63"]
[EventDate "2009.08.28"]
[EventType "tourn"]
[EventRounds "10"]
[EventCountry "RUS"]
[SourceTitle "EXT 2022"]
[Source "ChessBase"]
[SourceDate "2021.10.06"]
[SourceVersion "1"]
[SourceVersionDate "2021.10.06"]
[SourceQuality "1"]

1. e4 d5 2. exd5 Qxd5 3. Nc3 Qa5 4. Nf3 Nf6 5. d4 c6 6. Bc4 Bf5 7. 0-0 Nbd7 8. Re1 e6 9. Bf4 Be7 10. Bd3 h6 11. Ne5 Bxd3 12. Qxd3 Rd8 13. Nc4 Qh5 14. Bc7 Nc5 15. Qd1 Qxd1 16. Raxd1 Rc8 17. Nd6+ Bxd6 18. Bxd6 Na6 19. Ne4 Kd7 20. Ba3 Nxe4 21. Rxe4 b5 22. b3 Nc7 23. c4 a5 24. f4 f6 25. d5 cxd5 26. cxd5 b4 27. dxe6+ Ke7 28. Rd7+ Ke8 29. Rc4 Nxe6 30. Rxc8+ Kxd7 31. Rxh8 bxa3 32. Ra8 1-0

[Event "Arkhipo Osipovka Rating"]
[Site "Arkhipo Osipovka"]
[Date "2009.09.03"]
[Round "9"]
[White "Danielyan, Levon"]
[Black "Zobnin, Valentin"]
[Result "1-0"]
[WhiteElo "1979"]
[BlackElo "1833"]
[PlyCount "85"]
[EventDate "2009.08.28"]
[EventType "tourn"]
[EventRounds "10"]
[EventCountry "RUS"]
[SourceTitle "EXT 2022"]
[Source "ChessBase"]
[SourceDate "2021.10.06"]
[SourceVersion "1"]
[SourceVersionDate "2021.10.06"]
[SourceQuality "1"]

1. d4 d5 2. Nf3 e6 3. c4 Nf6 4. Nc3 Be7 5. cxd5 exd5 6. Bg5 0-0 7. Qc2 Be6 8. e3 Nbd7 9. Bd3 c6 10. 0-0 h6 11. Bh4 Nb6 12. Ne5 Ng4 13. Bxe7 Qxe7 14. Nxg4 Bxg4 15. Rab1 Qg5 16. Kh1 Be6 17. Ne2 Rfe8 18. b4 Nc4 19. f4 Qe7 20. Bxc4 dxc4 21. e4 Bf5 22. Qxc4 Bxe4 23. Rb2 Rad8 24. Nc3 Qf6 25. Rd2 Qg6 26. b5 cxb5 27. Qxb5 a6 28. Qb4 a5 29. Qb5 Re6 30. d5 Red6 31. Qxa5 Rxd5 32. Nxd5 Rxd5 33. Qc3 Rd3 34. Qb2 Rh3 35. Kg1 Re3 36. Qd4 Rd3 37. Qf2 Rf3 38. Qe2 Rc3 39. f5 Qg5 40. f6 Re3 41. Qc4 Rd3 42. fxg7 Qe3+ 43. Kh1 1-0